00459cam a2200133 4500001001100000008004100011035001500052050002800067100002100095245008600116260008800202300002000290500001500310BIIH005882 1985 spa  aBIIH005882 4aF1321b.9 .J83 A92 19851 aAubague, Laurent 0aDiscurso político, utopía y memoria popular en Juchitán /cLaurent Aubague. aOaxaca, Oaxaca, México :bUniversidad Autónoma Benito Juárez de Oaxaca,c1985 a82 p. ;c22 cm. a1 ejemplar